Dictionary of spritualism / (Record no. 124613)

MARC details
000 -LEADER
fixed length control field 00678nam a22002177a 4500
005 - DATE AND TIME OF LATEST TRANSACTION
control field 20170124105941.0
010 ## - LIBRARY OF CONGRESS CONTROL NUMBER
LC control number B-098337
020 ## - INTERNATIONAL STANDARD BOOK NUMBER
Terms of availability 195.00
International Standard Book Number 8175101652
035 ## - SYSTEM CONTROL NUMBER
System control number B-098337
037 ## - SOURCE OF ACQUISITION
Source of stock number/acquisition Cen Lib/Ret
040 ## - CATALOGING SOURCE
Original cataloging agency DPL
Language of cataloging EN
082 ## - DEWEY DECIMAL CLASSIFICATION NUMBER
Classification number 230.303
Item number DIC
245 ## - TITLE STATEMENT
Title Dictionary of spritualism /
Statement of responsibility, etc edited by Surendra P. Singh [and] Neelam Singh
260 ## - PUBLICATION, DISTRIBUTION, ETC. (IMPRINT)
Place of publication, distribution, etc New Delhi
Name of publisher, distributor, etc Reliance publishing house
Date of publication, distribution, etc 2003
270 ## - ADDRESS
City New Delhi
Address 3026/H, Ranjit Nagar
Postal code 110085
300 ## - PHYSICAL DESCRIPTION
Extent 183p.
Dimensions 21cm(Hb)
650 ## - SUBJECT ADDED ENTRY--TOPICAL TERM
Topical term or geographic name as entry element Spiritualism
Chronological subdivision
Form subdivision dictionary
9 (RLIN) 91067
700 ## - ADDED ENTRY--PERSONAL NAME
Personal name Surendra P. Singh
9 (RLIN) 11371
700 ## - ADDED ENTRY--PERSONAL NAME
Personal name Neelam Singh
9 (RLIN) 11372
942 ## - ADDED ENTRY ELEMENTS (KOHA)
Source of classification or shelving scheme Dewey Decimal Classification
Koha item type English Books
Classification part 230.303
Call number suffix DIC
Holdings
Withdrawn status Lost status Damaged status Not for loan Home library Current library Date acquired Source of acquisition Cost, normal purchase price Total Checkouts Full call number Barcode Date last seen Copy number Cost, replacement price Price effective from Koha item type
        Central Library Central Library 17/06/2015 Cen Lib/Ret 195.00   230.303 DIC B-098337 17/06/2015 1 195.00 15/09/2016 English Books

© Delhi Public Library
Hit Counter
free hit counter